Концентрация напряжений и деформаций в деталях машин

Библиографические подробности
Главный автор: Иосилевич Г. Б. Геннадий Борисович
Язык:русский
Опубликовано: Москва, Машиностроение, 1981
Предметы:
Формат: Книга
Запись в KOHA:https://koha.lib.tpu.ru/cgi-bin/koha/opac-detail.pl?biblionumber=68215

MARC

LEADER 00000nam0a2200000 4500
001 68215
005 20231031074637.0
035 |a (RuTPU)RU\TPU\book\72615 
090 |a 68215 
100 |a 20041001d1981 km y0rusy50 ca 
101 0 |a rus 
102 |a RU 
105 |a a z 001zy 
200 1 |a Концентрация напряжений и деформаций в деталях машин  |f Г. Б. Иосилевич 
210 |a Москва  |c Машиностроение  |d 1981 
215 |a 223 с.  |c ил. 
320 |a Библиогр.: с. 218-221 
610 1 |a машиностроение 
610 1 |a детали машин 
610 1 |a напряжения 
610 1 |a деформации 
610 1 |a концентрация 
610 1 |a расчеты 
610 1 |a стержневые модели 
610 1 |a фланцевые соединения 
610 1 |a методы расчета 
675 |a 621.81:539.3  |v 3 
700 1 |a Иосилевич  |b Г. Б.  |g Геннадий Борисович 
801 1 |a RU  |b 63413507  |c 20041001  |g PSBO 
801 2 |a RU  |b 63413507  |c 20220719  |g PSBO 
942 |c BK